000 01340nam a2200313 a 4500
003 BLK
005 20250314122053.0
007 ta
008 241106b bu |||||r|||| 00| | bu d
020 _a9789542846949
040 _aBLK
041 _aBUL
_cBUL
080 _9236967
_aПриготвяне на храната. Кулинария
_b641.5
_x(497.2)(092)
_z641.5(497.2)(092)
080 _9495986
_aКулинарен шеф, главен готвач
_b929 Токев, Андре
_z929 Токев, Андре
084 _aТ 65
100 1 _aТокев, Андре
_9129856
245 _aПродължавам
_cАндре Токев, Виолета Цветкова ; под ред. на Виолета Цветкова
260 _aСофия
_9219755
_bСиела
_c2024
_fСофия : Алианс принт
300 _a328 с., [8] л. : цв. ил., портр.
_c21 см
380 _a62
500 _aДругите за него: с. 309-327
650 7 _aКулинария
_9159807
653 _9480103
_aбиографски материали
700 _9495989
_aЦветкова, Виолета Цветкова
_eпърви автор
852 _bП
_c641/Т 65 А
856 _i0.00
_ldisable
942 _cKNG
_n0
_08
944 _cГеновева Генчева
_k30535
_lХристина Везирева
_a30560
999 _c521354
_d521354